[Event "ChessOrg Schachfestival 2024 Bad Wörishofen"]
[White "Rothenhagen, Siegfried"]
[Black "Ruf, Helmut"]
[Site "Bad Woerishofen"]
[Round "9.59"]
[Annotator "wempe"]
[Result "0-1"]
[Date "2024.??.??"]
[WhiteElo "1836"]
[BlackElo "1645"]
[PlyCount "88"]
[GameId "2118785508586231"]
[EventDate "2024.03.16"]

1. d4 Nf6 2. Nf3 d5 3. e3 g6 4. Bd3 Bg7 5. Nbd2 O-O 6. c3 c5 7. O-O cxd4 8. exd4 Nbd7 9. Re1 Re8 10. Ne5 Qc7 11. Ndf3 Nxe5 12. Nxe5 Nd7 13. Bf4 Qb6 14. Qd2 Nxe5 15. Bxe5 Bd7 16. Bf4 Bb5 17. Bxb5 Qxb5 18. Re2 Rac8 19. Rae1 e6 20. Bh6 Qc4 21. Bxg7 Kxg7 22. a3 Qc7 23. Re3 Qf4 24. Qe2 a6 25. Rh3 h5 26. Rf3 Qg5 27. Qc2 b5 28. Re5 Qh4 29. Qd2 f6 30. Re4 Qg5 31. Qe2 e5 32. dxe5 Rxe5 33. Rxe5 fxe5 34. h4 Qe7 35. Rg3 Kh7 36. Qd3 Qe6 37. Rg5 Rc4 38. g3 d4 39. Qe4 dxc3 40. Rxh5+ Kg7 41. Qa8 Rc8 42. Rxe5 c2 43. Rxe6 c1=Q+ 44. Kg2 Rxa8 0-1

[Event "ChessOrg Schachfestival 2024 Bad Wörishofen"]
[White "Auschkalnis, Reinhard"]
[Black "Kleinhenz, Hans-Georg"]
[Site "Bad Woerishofen"]
[Round "9.60"]
[Annotator "wempe"]
[Result "0-1"]
[Date "2024.??.??"]
[WhiteElo "1732"]
[BlackElo "1833"]
[PlyCount "112"]
[GameId "2118786065662724"]
[EventDate "2024.03.16"]

1. e4 c6 2. d4 d5 3. exd5 cxd5 4. Bd3 Nf6 5. Bf4 Bg4 6. Nf3 e6 7. Nbd2 Bd6 8. Bxd6 Qxd6 9. c3 Nc6 10. O-O O-O 11. Re1 Bh5 12. Qa4 Nd7 13. Re3 a6 14. Rae1 b5 15. Qc2 Bg6 16. Ne5 Ndxe5 17. dxe5 Qc5 18. Bxg6 hxg6 19. Qd3 Rfd8 20. Rh3 Ne7 21. g4 d4 22. Nb3 Qc4 23. Qxc4 bxc4 24. Nxd4 Rab8 25. Re2 Rb6 26. b4 cxb3 27. Nxb3 Rd1+ 28. Kg2 Nd5 29. Rf3 Rc6 30. Re4 g5 31. h3 Nxc3 32. Rb4 Rc7 33. Rd4 Rxd4 34. Nxd4 Nxa2 35. Ra3 Nb4 36. Ra4 Rb7 37. Kf3 Rb6 38. Ke4 Nd5 39. Ra3 Rb2 40. f3 Nb4 41. Rc3 Rh2 42. Rc8+ Kh7 43. Rb8 a5 44. Rb5 Ra2 45. Rb7 Kg8 46. Rb8+ Kh7 47. Rb7 Ra1 48. Ke3 Kg6 49. Rb5 Nd5+ 50. Kd2 Ra2+ 51. Nc2 Nb4 52. Rc5 f6 53. exf6 Kxf6 54. Rc4 Rxc2+ 55. Rxc2 Nxc2 56. Kxc2 Ke5 0-1

[Event "ChessOrg Schachfestival 2024 Bad Wörishofen"]
[White "Kumeth, Hartmut"]
[Black "Cremonini, Stefano"]
[Site "Bad Woerishofen"]
[Round "9.61"]
[Annotator "wempe"]
[Result "1/2-1/2"]
[Date "2024.??.??"]
[WhiteElo "1830"]
[BlackElo "1734"]
[PlyCount "45"]
[GameId "2118786849628943"]
[EventDate "2024.03.16"]

1. Nf3 d5 2. d4 c6 3. Nc3 Nf6 4. Bg5 Bf5 5. e3 h6 6. Bxf6 exf6 7. Bd3 Bxd3 8. Qxd3 Be7 9. O-O O-O 10. Rad1 Re8 11. Rfe1 Na6 12. a3 Nc7 13. e4 dxe4 14. Rxe4 Bf8 15. Rde1 Rxe4 16. Qxe4 Qd7 17. Qd3 Rd8 18. b4 b5 19. Ne4 Ne6 20. Rd1 Qd5 21. Ng3 g6 22. Ne4 Bg7 23. Nc3 1/2-1/2

[Event "ChessOrg Schachfestival 2024 Bad Wörishofen"]
[White "Lachat, Martin"]
[Black "Mahrla, Hans"]
[Site "Bad Woerishofen"]
[Round "9.63"]
[Annotator "wempe"]
[Result "1-0"]
[Date "2024.??.??"]
[WhiteElo "1742"]
[BlackElo "1722"]
[PlyCount "59"]
[GameId "2118788574892837"]
[EventDate "2024.03.16"]

1. c4 e6 2. d4 d5 3. cxd5 exd5 4. Nc3 c6 5. Nf3 Bd6 6. e3 Nf6 7. Be2 O-O 8. O-O Nbd7 9. Qc2 h6 10. a3 Qc7 11. b4 Re8 12. h3 Ne4 13. Bb2 f5 14. Rfe1 Ndf6 15. Bd3 g5 16. Ne2 g4 17. Ne5 Nd7 18. hxg4 Nxe5 19. dxe5 Bxe5 20. gxf5 Bh2+ 21. Kf1 Qf7 22. g3 Qxf5 23. Bxe4 dxe4 24. Nf4 Qb5+ 25. Kg2 Bxg3 26. fxg3 Bg4 27. Qc3 Bf3+ 28. Kf2 Re5 29. Qxe5 Qxe5 30. Bxe5 1-0

[Event "ChessOrg Schachfestival 2024 Bad Wörishofen"]
[White "Jovi, Klaus"]
[Black "Titz, Waldemar"]
[Site "Bad Woerishofen"]
[Round "9.64"]
[Annotator "wempe"]
[Result "1/2-1/2"]
[Date "2024.??.??"]
[WhiteElo "1709"]
[BlackElo "1822"]
[PlyCount "79"]
[GameId "2118789343916848"]
[EventDate "2024.03.16"]

1. Nf3 Nf6 2. c4 d6 3. g3 c6 4. Bg2 g6 5. Nc3 Bg7 6. O-O O-O 7. e4 Nbd7 8. d3 Qc7 9. Rb1 a6 10. h3 e5 11. Be3 Re8 12. b4 b6 13. a3 Bb7 14. Re1 Rad8 15. Qc1 c5 16. Bg5 Rc8 17. Qb2 Rb8 18. Nh2 h6 19. Be3 Kh7 20. Qe2 Ra8 21. b5 a5 22. a4 Nf8 23. Ng4 h5 24. Nh2 Bc8 25. h4 Be6 26. Qd2 Qc8 27. Nf3 Ng4 28. Ng5+ Kg8 29. Nxe6 Nxe6 30. Nd5 Rb8 31. Rf1 Nc7 32. Bh3 Qb7 33. Bxg4 hxg4 34. Qe2 Nxd5 35. exd5 f5 36. f3 Qd7 37. fxg4 fxg4 38. Kg2 Rf8 39. Rxf8+ Rxf8 40. Rf1 1/2-1/2

[Event "ChessOrg Schachfestival 2024 Bad Wörishofen"]
[White "Beitz, Joanne"]
[Black "Heid, Magdalene"]
[Site "Bad Woerishofen"]
[Round "9.65"]
[Annotator "wempe"]
[Result "1/2-1/2"]
[Date "2024.??.??"]
[WhiteElo "1540"]
[BlackElo "1714"]
[PlyCount "41"]
[GameId "2118789803180861"]
[EventDate "2024.03.16"]

1. e4 e6 2. d4 d5 3. e5 c5 4. c3 Nc6 5. Nf3 Qb6 6. a3 cxd4 7. cxd4 Nge7 8. b4 Nf5 9. Bb2 Bd7 10. Bd3 Nfxd4 11. Nxd4 Nxd4 12. O-O Nf5 13. Bxf5 exf5 14. Nc3 d4 15. Nd5 Qc6 16. Nf4 Qe4 17. Qxd4 Qxd4 18. Bxd4 Be6 19. Rac1 g5 20. Nh5 Be7 21. Rc7 1/2-1/2

[Event "ChessOrg Schachfestival 2024 Bad Wörishofen"]
[White "Eigenmann, Christina"]
[Black "Walther, Renate"]
[Site "Bad Woerishofen"]
[Round "9.66"]
[Annotator "wempe"]
[Result "1-0"]
[Date "2024.??.??"]
[WhiteElo "1799"]
[BlackElo "1561"]
[PlyCount "43"]
[GameId "2118790265037667"]
[EventDate "2024.03.16"]

1. d4 d5 2. c4 Bf5 3. Nc3 e6 4. cxd5 exd5 5. Bf4 Nf6 6. e3 Nc6 7. Nf3 Nb4 8. Rc1 Nc6 9. Be2 Be7 10. O-O a6 11. Bd3 Bg6 12. a3 O-O 13. Bxg6 fxg6 14. Ne5 Nxe5 15. dxe5 Nh5 16. Qxd5+ Qxd5 17. Nxd5 Nxf4 18. Nxe7+ Kh8 19. exf4 c6 20. Rfd1 Rae8 21. Rd7 h6 22. Nxg6+ 1-0